Statistiques concernant Culture Générale - Série 639

Cliquez ici pour prendre le quiz!

Statistiques générales

  • Ce quiz a été pris 111 fois
  • Le résultat moyen est 6 sur 10

Statistiques - réponses

QuestionRéponse% Correct
Selon le proverbe, on ne fait pas d'omelette sans...casser des oeufs
92%
Dans la bande dessinée, quel objet est tatoué sur chaque avant-bras de Popeye ?ancre
87%
Quelle boisson spécifique peut être contenue dans un balthazar, un mathusalem ou un nabuchodonosor ?champagne
76%
Quand on a un secret honteux, on dit "avoir un cadavre dans le...placard
75%
Quel mot de 5 lettres, d'origine anglaise, désigne une information importante donnée en exclusivité par un journal ?scoop
75%
Quelle reine des défilés de mode Alain Souchon évoque-t-il dans sa chanson “Foule sentimentale” ?Claudia Schiffer
64%
Pour quel film mettant en scène des manchots, Émilie Simon a-t-elle reçu une Victoire de la Musique en 2006 ?La Marche de l'empereur
58%
D'après les paroles de "Rockollection" de Laurent Voulzy, pour quelle ville avons-nous tous notre ticket dans le coeur ?Liverpool
56%
Quel personnage de méchant est à la poursuite d'Anastasia, dans le film d'animation de la Fox, sorti en 1998 ?Raspoutine
38%
De quel couturier français, l'actrice américaine Audrey Hepburn était-elle l'égérie ?Hubert de Givenchy
12%

Distribution des résultats

Percentile par nombre de réponses

% des personnes avec chaque résultat

Votre développement - résultats

Vous n’avez pas pris ce quiz